Enzyklopadie Philosophie und wissenschafts-theorie

Guardat en:
Dades bibliogràfiques
Autor principal: Mittelstrass, Jürgen (autor)
Format: Llibre
Idioma:alemany
Publicat: Stuttgart J. B. Metzler 2005
Matèries:
Etiquetes: Afegir etiqueta
Sense etiquetes, Sigues el primer a etiquetar aquest registre!

MARC

LEADER 00000nam a2200000 a 4500
001 UCG6120
003 CL-VaPUC
008 110407e20050000GW |||||||||||||||||ger|d
020 |a 9783476013729v.1 
020 |a 9783476021014v.2 
020 |a 9783476021021v.3 
020 |a 9783476021038v.4 
082 0 4 |a 030.01  |b MIT  |2 21 
100 |a Mittelstrass, Jürgen  |e autor  |9 556129 
245 1 0 |a Enzyklopadie Philosophie und wissenschafts-theorie 
300 |a v 
942 |c BK 
945 |d 20110407 00:00:00  |a dcastane 
260 |a Stuttgart  |b J. B. Metzler  |c 2005 
500 |a v.1:A-B 
500 |a v.2: C-F 
500 |a v.3: G-Inn 
500 |a v.4: Ins-Loc 
650 0 |a Escuelas filosóficas   |9 266232 
650 0 |a Teoría del conocimiento   |9 255038 
650 0 |a Epistemología   |9 264994 
583 |a last modification  |c 20121002 11:21:14  |k Rodrigo Vera 
999 |c 344407  |d 344405 
952 |0 0  |1 0  |4 0  |6 030_010000000000000_MIT_2005  |7 0  |8 X  |9 442362  |a BIBDER  |b BIBDER  |d 2019-11-22  |h v.1  |i 4763629  |o 030.01 MIT 2005  |p 4763629  |r 2023-01-25  |w 2019-11-22  |y BK_X  |k DER 
952 |0 0  |1 0  |4 0  |6 030_010000000000000_MIT_2005  |7 0  |8 X  |9 442363  |a BIBDER  |b BIBDER  |d 2019-11-22  |h v.2  |i 4763637  |o 030.01 MIT 2005  |p 4763637  |r 2023-01-25  |w 2019-11-22  |y BK_X  |k DER 
952 |0 0  |1 0  |4 0  |6 030_010000000000000_MIT_2005  |7 0  |8 X  |9 442364  |a BIBDER  |b BIBDER  |d 2019-11-22  |h v.3  |i 4763645  |o 030.01 MIT 2005  |p 4763645  |r 2023-01-25  |w 2019-11-22  |y BK_X  |k DER 
952 |0 0  |1 0  |4 0  |6 030_010000000000000_MIT_2005  |7 0  |8 X  |9 442365  |a BIBDER  |b BIBDER  |d 2019-11-22  |h v.4  |i 4763653  |o 030.01 MIT 2005  |p 4763653  |r 2023-01-25  |w 2019-11-22  |y BK_X  |k DER